| 000 | 00983nam a2200181 4500 | ||
|---|---|---|---|
| 005 | 20251016122344.0 | ||
| 008 | 251016b |||||||| |||| 00| 0 eng d | ||
| 020 | _a9780143473060 | ||
| 082 | _a823.914 | ||
| 100 | _aRoy, Arundhati | ||
| 245 | _aMother Mary comes to me | ||
| 260 |
_aGurugram; _bPenguin: _cc2025. |
||
| 300 | _ax, 373p. | ||
| 500 | _aa biography. | ||
| 520 | _aMother Mary Comes to Me is a poignant memoir by Arundhati Roy that traces the fierce, complicated bond between her and her mother, Mary Roy—a trailblazing educator and activist who famously won a landmark Supreme Court case securing equal inheritance rights for Christian women in Kerala. Through vivid recollections and lyrical prose, Roy explores themes of love, rebellion, grief, and legacy. The book blends personal memory with public history, offering an intimate portrait of a woman who shaped her daughter’s life and India’s legal landscape. | ||
| 650 | _abiography | ||
| 942 |
_2ddc _n0 _cC |
||
| 999 |
_c30591 _d30591 |
||